[Event "Piestany op-B"]
[Site "Piestany"]
[Date "2023.07.12"]
[Round "2"]
[White "Pinter, Filip"]
[Black "Antal, Jozsef"]
[Result "0-1"]
[WhiteElo "1429"]
[BlackElo "1842"]
[PlyCount "74"]
[EventDate "2023.07.11"]
[EventType "swiss"]
[EventRounds "9"]
[EventCountry "SVK"]
[SourceTitle "EXT 2024"]
[Source "ChessBase"]
[SourceDate "2023.10.10"]
[SourceVersion "1"]
[SourceVersionDate "2023.10.10"]
[SourceQuality "1"]

1. d4 d5 2. c4 e6 3. Nf3 Nf6 4. Bg5 Be7 5. Nc3 h6 6. Bh4 0-0 7. e3 b6 8. cxd5 Nxd5 9. Bxe7 Qxe7 10. Nxd5 exd5 11. Bd3 Bb7 12. 0-0 Nd7 13. Rc1 c5 14. b3 Rac8 15. Bf5 g6 16. Bxd7 Qxd7 17. Ne5 Qf5 18. Qc2 Qxc2 19. Rxc2 cxd4 20. Rxc8 Rxc8 21. exd4 Rc2 22. f4 Ba6 23. Re1 Kg7 24. a4 f6 25. Nf3 Kf7 26. Re3 h5 27. h4 Bc8 28. Kh2 Bf5 29. Kg3 Be4 30. Kh3 Bxf3 31. Rxf3 Rd2 32. Rc3 Rxd4 33. g3 Ke6 34. Rc7 Rb4 35. Rc6+ Kf5 36. Rd6 d4 37. Rd5+ Ke4 0-1

[Event "SVK-ch Amateurs"]
[Site "Liptovsky Jan"]
[Date "2023.06.15"]
[Round "1"]
[White "Pinter, Filip"]
[Black "Szaszak, Robert"]
[Result "1/2-1/2"]
[WhiteElo "1000"]
[BlackElo "1718"]
[PlyCount "112"]
[EventDate "2023.06.15"]
[EventType "swiss"]
[EventRounds "8"]
[EventCountry "SVK"]
[SourceTitle "CBM 214 Extra"]
[Source "ChessBase"]
[SourceDate "2023.07.31"]
[SourceVersion "1"]
[SourceVersionDate "2023.07.31"]
[SourceQuality "1"]

1. d4 d5 2. c4 c6 3. Nc3 Nf6 4. Nf3 h6 5. e3 Bf5 6. Bd3 Bxd3 7. Qxd3 e6 8. 0-0 dxc4 9. Qxc4 Bd6 10. e4 Bc7 11. b3 Nbd7 12. Ba3 Nb6 13. Qe2 g5 14. e5 Nfd5 15. Nxd5 Nxd5 16. g3 Qd7 17. Bc5 Bb6 18. Bd6 f5 19. Nd2 h5 20. Bc5 h4 21. Nc4 Bc7 22. Bd6 Nc3 23. Qe3 Ne4 24. Rad1 Qh7 25. g4 fxg4 26. Bxc7 g3 27. Qxe4 Qxe4 28. Nd6+ Kd7 29. Nxe4 gxh2+ 30. Kxh2 Kxc7 31. Nxg5 Kd7 32. Rg1 Raf8 33. Rdf1 Rf4 34. Nh3 Rxd4 35. Rd1 Rxd1 36. Rxd1+ Ke7 37. Rg1 Rh7 38. Rg4 c5 39. Nf4 Kd7 40. Nd3 Kc6 41. Kh3 b5 42. Rxh4 Rxh4+ 43. Kxh4 Kd5 44. f4 c4 45. bxc4+ bxc4 46. Nc1 Ke4 47. Kg5 Ke3 48. a3 Kd2 49. Na2 a5 50. Kf6 Kc2 51. Kxe6 Kb2 52. Nc3 Kxc3 53. Kd7 Kb3 54. e6 c3 55. e7 c2 56. e8Q c1Q 1/2-1/2